| 000 | 00543nam a2200181Ia 4500 | ||
|---|---|---|---|
| 001 | 18037 | ||
| 005 | 20260306171601.0 | ||
| 008 | 260306s9999||||xx |||||||||||||| ||und|| | ||
| 041 | _aESP | ||
| 082 |
_a658.38 _bR62 |
||
| 100 |
_aRincón Soto, Carlos Augusto _eAUT |
||
| 245 | 0 |
_aEstándares internacionales en contabilidad - EIC: _bfundamentos (IFRS, NIC, NIIF, NAI, NIA, ONI, IVS, IES, IFRS for Smes, ERM, ERP, ISO) |
|
| 260 | _c2012 | ||
| 300 |
_a148 páginas : _c24 cm. |
||
| 650 | _aGEN | ||
| 654 | _aCAN | ||
| 942 |
_cLIB _dJUS _fJUS _2ddc _n |
||
| 999 |
_c18037 _d18037 |
||